| 000 | 00457nam a2200169Ia 4500 | ||
|---|---|---|---|
| 999 |
_c37291 _d37291 |
||
| 003 | OSt | ||
| 005 | 20201014100228.0 | ||
| 008 | 190216s9999||||xx |||||||||||||| ||und|| | ||
| 040 | _coclc | ||
| 082 |
_a570 _bPAR/E |
||
| 100 |
_aParsons, L M _95684 |
||
| 245 | 0 |
_aEveryday Science / _cL M Parsons |
|
| 260 |
_bMacmillan &co Ltd, _aNew York: _c1960. |
||
| 300 | _a695p | ||
| 650 | _aZoology | ||
| 942 |
_cBK _2ddc _h570 _iPAR/E _k570 _mPAR/E |
||